Property Snapshot (Record no. 110752)

MARC details
000 -LEADER
fixed length control field 01371cad a22002415a 4500
001 - CONTROL NUMBER
control field L150144
008 - FIXED-LENGTH DATA ELEMENTS--GENERAL INFORMATION
fixed length control field 100318s2010 xxkd f s 000 0 eng d
035 ## - SYSTEM CONTROL NUMBER
System control number (Sirsi) u150144
041 0# - LANGUAGE CODE
Language code of text/sound track or separate title eng
050 04 - LIBRARY OF CONGRESS CALL NUMBER
Classification number 333.33 $2 18
110 2# - MAIN ENTRY--CORPORATE NAME
Corporate name or jurisdiction name as entry element Colliers CRE
9 (RLIN) 5075
245 00 - TITLE STATEMENT
Title Property Snapshot
Remainder of title May 2010
Medium [electronic resource]
260 ## - PUBLICATION, DISTRIBUTION, ETC.
Place of publication, distribution, etc. London
Name of publisher, distributor, etc. Colliers
Date of publication, distribution, etc. 2010
490 #0 - SERIES STATEMENT
Series statement Property Snapshot
Volume/sequential designation May 2010
520 ## - SUMMARY, ETC.
Summary, etc. UK economy continues to show positive signs of recovery. Post election economic weakness could create increased price sensitivity in secondary market segments. Discounting remains fundamental to retail performance as customers remain price sensitive. The office leasing market might be taking a collective breath. Election is being used as an excuse to postpone decisions at the larger end of the logistics and industrial market. House price movements remain sensitive to underlying fundamentals.
590 ## - LOCAL NOTE (RLIN)
Local note KA
650 24 - SUBJECT ADDED ENTRY--TOPICAL TERM
Topical term or geographic name entry element COLLIERS PROPERTY SNAPSHOT
651 #4 - SUBJECT ADDED ENTRY--GEOGRAPHIC NAME
Geographic name United Kingdom
Chronological subdivision
690 ## - LOCAL SUBJECT ADDED ENTRY--TOPICAL TERM (OCLC, RLIN)
Topical term or geographic name as entry element PROPERTY-COMMERCIAL PROPERTY-COMMERCIAL PROPERTY MARKET
690 ## - LOCAL SUBJECT ADDED ENTRY--TOPICAL TERM (OCLC, RLIN)
Topical term or geographic name as entry element PROPERTY-COMMERCIAL PROPERTY-COMMERCIAL PROPERTY FINANCE AND INVESTMENT
856 40 - ELECTRONIC LOCATION AND ACCESS
Uniform Resource Identifier <a href="https://www.colliers.com/Markets/UK/content/MarketReports/MarketOverviewReports/Property_Snapshot_May_10.pdf">https://www.colliers.com/Markets/UK/content/MarketReports/MarketOverviewReports/Property_Snapshot_May_10.pdf</a>
Public note View this report free of charge (PDF file) at www.colliers.com
942 ## - ADDED ENTRY ELEMENTS (KOHA)
Suppress in OPAC 0
Holdings
Withdrawn status Lost status Source of classification or shelving scheme Damaged status Not for loan Home library Current library Shelving location Date acquired Total Checkouts Full call number Barcode Date last seen Copy number Price effective from Koha item type
    Dewey Decimal Classification     Virtual Virtual Online 07/06/2010   ONLINE PUBLICATION 150144-2001 06/08/2019 1 06/08/2019 Book